| 000 | 01407nam a2200253 4500 | ||
|---|---|---|---|
| 001 | 6110 | ||
| 010 | _a9789720049742 | ||
| 021 | _b311908/10 | ||
| 090 | _a6110 | ||
| 100 | _a20121220e20112009em y0pory5003 ba | ||
| 200 | 1 |
_aPoesias heterónimos _fFernando Pessoa _gcapa Danuta Wojciechowska _gintr. org. Auxília Ramos, Zaida Braga |
|
| 205 | _a1ª ed. | ||
| 210 | 9 |
_aPorto _cPorto Editora, _d2011 |
|
| 215 | _a208 p. | ||
| 300 | _aLeitura obrigatória para o 12.º ano de escolaridade. | ||
| 330 | _aTorno-me eles e não eu - é deste modo que Pessoa reconhece a sua personalidade múltipla. A par desta personalidade, a sua escrita caracteriza-se pela pluralidade e diversidade; é uma escrita de inúmeros rostos e temas diferentes, de "outros eus", a quem o poeta atribui uma personalidade e vida próprias. Os heterónimos Alberto Caeiro, o mestre, Ricardo Reis e Álvaro de Campos são os rostos, as máscaras mais conhecidas desse universo dramático pessoano: um inocente guardador de rebanhos, um sereno pensador clássico e um efusivo engenheiro da era moderna. Cada um tem uma voz distinta, mas em todos ecoa a voz de Pessoa, ele mesmo | ||
| 675 |
_a821.134.3-1 _vPT _zpor |
||
| 700 | 1 |
_aPessoa, _bFernando, _f1888-1935 |
|
| 702 | 1 |
_aWojciechowska, _bDanuta, _f1960- |
|
| 702 | 1 |
_aRamos, _bAuxília |
|
| 702 | 1 |
_aBraga, _bZaida |
|
| 801 | 0 |
_aPT _bBMVN _gRPC |
|
| 830 |
_cCéu Baptista _d21.01.2026 |
||
| 990 | _cLIVROS | ||